1106 1691 1759 1459 1290 1186 1736 1526 1969 1714 1384 1869 1670 1101 1324 1612 1462 1488 1777 1992 1140 1389 1019 1451 1172 1460 1044 1746 1219 1399 1295 1974 1314 1978 1408 1158 1147 1424 1463 1155 1039 1192 1944 1799 1786 1706 1208 1839 1140 1614 1785 1096 1321 1098 1395 1420 1869 1519 1551 1975 1515 1418 1359 1246 1072 1047 1633 1790 1664 1738 1142 1494 1771 1823 1329 1659 1477 1567 1333 1335 1674 1264 1527 1261 1942 1249 1157 1093 1756 1250 1713 1930 1987 1025 1309 1726 1744 1289 1043 BCNSPRNW ULIB Ver.6.0+V

เปลี่ยนเป็นภาษาไทย

Change to English
 แสดงรายละเอียดบรรณานุกรม
  กลับหน้าหลัก

Brief Record : Get Marc (ISO 2709) : E-mail record : QR code < ปิดหน้าต่าง
LEADER : 00000nam 2200000uu 4500
001    13399120577
003     ULIB
008    120927s2552||||th 000 0 tha d
020    ^a9789741111909
060 04 ^aWS100^bก723 2552 ล.1
245 00 ^aกุมารเวชศาสตร์ สำหรับนักศึกษาแพทย์ เล่มที่ 1 /^cบรรณาธิการ, เปรมฤดี ภูมิถาวร ... [และคนอื่น ๆ]
250    ^aพิมพ์ครั้งที่ 1
260    ^aกรุงเทพฯ :^bภาควิชากุมารเวชศาสตร์คณะแพทยศาสตร์โรงพยาบาลรามาธิบดี มหาวิทยาลัยมหิดล,^c2552
300    ^a[13] ; 437 หน้า :^bภาพประกอบ ;^c27 ซม.
650  2 ^aDisease^xin infancy & childhood
650  2 ^aPediatrics
650  7 ^aกุมารเวชศาสตร์
650  7 ^aโรคเด็ก
650  7 ^aผู้ป่วย^xโรคเด็ก
700 0  ^aเปรมฤดี ภูมิถาวร,^eบรรณาธิการ
700 0  ^aสุวัฒนื เบญจพลพิทักษ์,^eบรรณาธิการ
700 0  ^aกาญจนา ตั้งนรารัชชกิจ,^eบรรณาธิการ
700 0  ^aสุเทพ วาณิชย์กุล,^eบรรณาธิการ
700 0  ^aสุรางค์ เจียมจรรยา,^eบรรณาธิการ
710 2  ^aมหาวิทยาลัยมหิดล. ^bคณะแพทยศาสตร์โรงพยาบาลรามาธิบดี.^bภาควิชากุมารเวชศาสตร์
945    ^p500^l0^i17974
945    ^p500^l0^i17975
945    ^p500^l0^i17976
945    ^p500^l0^i17977
945    ^p500^l0^i17978
995    ^aวิภา
999 ^a ใช้งานได้ทุกระบบ
รายการนี้ยังไม่มีแท็ก
คุณยังไม่ได้ล็อกอิน คุณสามารถมีกิจกรรมร่วมกับเว็บไซต์ได้ แต่ต้องล็อกอินก่อน ::
  ล็อกอิน

รายการสื่อสารสนเทศ

ลำดับที่ ประเภท เลขเรียก/บาร์โค้ด สถานที่ สถานะ
1. วิทยาศาสตร์การแพทย์ และสุขภาพ
วิทยาศาสตร์การแพทย์ และสุขภาพ
สถานะ=หนังสือเก่า
WS100 ก723 2552 ล.1 ฉ.3 
  Barcode: 17976
ห้องสมุดวิทยาเขตนครสวรรค์
►ส่วนจัดเก็บหนังสือเก่า นว.
บนชั้น
  ขอยืม

รายการใกล้เคียง
    หัวเรื่อง [Pediatrics]
    หัวเรื่อง [กุมารเวชศาสตร์]
    หัวเรื่อง [โรคเด็ก]

BibComment


ยังไม่เคยถูกคอมเมนท์

คอมเมนท์ทรัพยากรรายการนี้
  คอมเมนท์: กุมารเวชศาสตร์ ส..


 Copyright 2026. Bcnsprnw @Library